[Event "WYCC U14 Open 2019"]
[Site "Mumbai"]
[Date "2019.10.11"]
[Round "10.15"]
[White "Aaryan Varshney"]
[Black "Ayush Sharma"]
[Result "1-0"]
[WhiteElo "2239"]
[BlackElo "1939"]
[Annotator "NA"]
[PlyCount "149"]
[EventDate "2019.10.02"]
[EventType "swiss"]
[EventCountry "IND"]
[SourceTitle "playchess.com"]
[Source "ChessBase"]
[SourceQuality "1"]
[TimeControl "40/5400+30:1800+30"]

1. d4 {[%emt 0:00:00]} Nf6 {[%emt 0:00:00]} 2. c4 {[%emt 0:00:00]} e6 {[%emt 0:00:00]} 3. Nf3 {[%emt 0:00:01]} d5 {[%emt 0:00:29]} 4. Nc3 {[%emt 0:00:14]} Be7 {[%emt 0:00:13]} 5. Bg5 {[%emt 0:00:34]} O-O {[%emt 0:00:22]} 6. e3 {[%emt 0:00:01]} Nbd7 {[%emt 0:01:19]} 7. Rc1 {[%emt 0:00:23]} Re8 {[%emt 0:05:51]} 8. Bd3 {[%emt 0:02:00]} c5 {[%emt 0:10:16]} 9. cxd5 {[%emt 0:01:31]} exd5 {[%emt 0:04:27]} 10. dxc5 {[%emt 0:03:28]} Nxc5 {[%emt 0:00:15]} 11. Bb5 {[%emt 0:03:21]} Bd7 {[%emt 0:00:02]} 12. Bxd7 {[%emt 0:02:46]} Qxd7 {[%emt 0:00:06]} 13. O-O {[%emt 0:07:09]} Red8 {[%emt 0:08:33]} 14. Nd4 {[%emt 0:03:15]} Nce4 {[%emt 0:01:58]} 15. Nxe4 {[%emt 0:01:20]} dxe4 {[%emt 0:00:57]} 16. Qb3 {[%emt 0:01:31]} Ng4 {[%emt 0:13:42]} 17. Bxe7 {[%emt 0:06:45]} Qxe7 {[%emt 0:00:07]} 18. Nf5 {[%emt 0:02:00]} Qe5 {[%emt 0:12:27]} 19. Ng3 {[%emt 0:00:31]} b6 {[%emt 0:03:19]} 20. h3 {[%emt 0:02:06]} Nf6 {[%emt 0:00:14]} 21. Rfd1 {[%emt 0:00:22]} Rxd1+ {[%emt 0:09:44]} 22. Rxd1 {[%emt 0:01:40]} h5 {[%emt 0:01:28]} 23. Ne2 {[%emt 0:02:05]} Rc8 {[%emt 0:01:01]} 24. Nc3 {[%emt 0:01:20]} Qe7 {[%emt 0:07:27]} 25. Qa4 {[%emt 0:04:53]} Rc5 {[%emt 0:02:50]} 26. Rd4 {[%emt 0:03:44]} Re5 {[%emt 0:01:19]} 27. Qc6 {[%emt 0:01:30]} Qe8 {[%emt 0:00:26]} 28. Qc7 {[%emt 0:09:24]} Qe7 {[%emt 0:00:18]} 29. Rd8+ {[%emt 0:00:47]} Kh7 {[%emt 0:00:14]} 30. Qb8 {[%emt 0:01:01]} Kg6 {[%emt 0:01:44]} 31. Ne2 {[%emt 0:03:10]} Rc5 {[%emt 0:00:44]} 32. b4 {[%emt 0:06:31]} Rc7 {[%emt 0:02:56]} 33. Nf4+ {[%emt 0:00:56]} Kg5 {[%emt 0:00:50]} 34. Nd5 {[%emt 0:16:06]} Nxd5 {[%emt 0:00:23]} 35. Rxd5+ {[%emt 0:00:02]} Kf6 {[%emt 0:01:32]} 36. g4 {[%emt 0:01:41]} hxg4 {[%emt 0:03:20]} 37. hxg4 {[%emt 0:01:14]} Ke6 {[%emt 0:01:59]} 38. Rd4 {[%emt 0:01:06]} f5 {[%emt 0:02:56]} 39. Qg8+ {[%emt 0:02:41]} Kf6 {[%emt 0:02:06]} 40. gxf5 {[%emt 0:00:58]} Kxf5 {[%emt 0:01:29]} 41. Qh7+ {[%emt 0:31:21]} g6 {[%emt 0:00:54]} 42. Qh3+ {[%emt 0:00:00]} Kf6 {[%emt 0:00:55]} 43. Qg4 {[%emt 0:00:00]} Kg7 {[%emt 0:03:12]} 44. Rxe4 {[%emt 0:00:00]} Rc1+ {[%emt 0:00:03]} 45. Kg2 {[%emt 0:00:00]} Qb7 {[%emt 0:00:19]} 46. Qe6 {[%emt 0:00:00]} Qf7 {[%emt 0:01:54]} 47. Qe5+ {[%emt 0:00:00]} Qf6 {[%emt 0:00:08]} 48. Qe7+ {[%emt 0:00:00]} Qf7 {[%emt 0:00:06]} 49. b5 {[%emt 0:00:00]} Rc5 {[%emt 0:02:01]} 50. Qxf7+ {[%emt 0:00:00]} Kxf7 {[%emt 0:00:02]} 51. a4 {[%emt 0:00:00]} a6 {[%emt 0:01:03]} 52. bxa6 {[%emt 0:00:00]} Ra5 {[%emt 0:00:02]} 53. Rb4 {[%emt 0:00:00]} Rxa6 {[%emt 0:00:07]} 54. f4 {[%emt 0:00:00]} Kf6 {[%emt 0:01:11]} 55. e4 {[%emt 0:00:00]} Ke6 {[%emt 0:00:51]} 56. Kf3 {[%emt 0:00:00]} Kd6 {[%emt 0:00:07]} 57. Kg4 {[%emt 0:00:00]} Kc5 {[%emt 0:00:25]} 58. Rb5+ {[%emt 0:00:00]} Kc6 {[%emt 0:00:27]} 59. Rg5 {[%emt 0:00:00]} Rxa4 {[%emt 0:00:07]} 60. Rxg6+ {[%emt 0:00:00]} Kc7 {[%emt 0:01:37]} 61. e5 {[%emt 0:00:00]} b5 {[%emt 0:00:05]} 62. Rd6 {[%emt 0:00:00]} Ra8 {[%emt 0:02:08]} 63. Rd1 {[%emt 0:00:00]} b4 {[%emt 0:00:08]} 64. Rb1 {[%emt 0:00:00]} Rb8 {[%emt 0:00:26]} 65. Rb3 {[%emt 0:00:00]} Kc6 {[%emt 0:01:20]} 66. Kf5 {[%emt 0:00:00]} Kd5 {[%emt 0:00:09]} 67. Rd3+ {[%emt 0:00:00]} Kc4 {[%emt 0:00:19]} 68. Rd1 {[%emt 0:00:00]} b3 {[%emt 0:00:22]} 69. e6 {[%emt 0:00:00]} b2 {[%emt 0:00:48]} 70. e7 {[%emt 0:00:00]} Kc3 {[%emt 0:00:44]} 71. Ke6 {[%emt 0:00:00]} Ra8 {[%emt 0:00:23]} 72. Rb1 {[%emt 0:00:00]} Kc2 {[%emt 0:00:06]} 73. Rxb2+ {[%emt 0:00:00]} Kxb2 {[%emt 0:00:05]} 74. f5 {[%emt 0:00:00]} Kc3 {[%emt 0:00:09]} 75. f6 {[%emt 0:00:00]} 1-0

[Event "WYCC U14 Open 2019"]
[Site "Mumbai"]
[Date "2019.10.11"]
[Round "10.16"]
[White "Flores Quillas, Diego Saul Rodri"]
[Black "Sun, Jiajun B"]
[Result "1-0"]
[WhiteElo "2164"]
[BlackElo "1977"]
[Annotator "NA"]
[PlyCount "69"]
[EventDate "2019.10.02"]
[EventType "swiss"]
[EventCountry "IND"]
[SourceTitle "playchess.com"]
[Source "ChessBase"]
[SourceQuality "1"]
[TimeControl "40/5400+30:1800+30"]

1. e4 {[%emt 0:00:00]} c5 {[%emt 0:00:00]} 2. Nf3 {[%emt 0:00:00]} e6 {[%emt 0:00:00]} 3. d4 {[%emt 0:00:00]} cxd4 {[%emt 0:00:00]} 4. Nxd4 {[%emt 0:00:00]} a6 {[%emt 0:00:00]} 5. Bd3 {[%emt 0:00:00]} Qc7 {[%emt 0:00:09]} 6. Qe2 {[%emt 0:00:42]} d6 {[%emt 0:00:43]} 7. O-O {[%emt 0:00:24]} Nf6 {[%emt 0:00:06]} 8. f4 {[%emt 0:00:33]} Nbd7 {[%emt 0:00:08]} 9. c4 {[%emt 0:00:51]} Be7 {[%emt 0:01:50]} 10. Nc3 {[%emt 0:02:27]} h5 {[%emt 0:01:20]} 11. Kh1 {[%emt 0:05:22]} h4 {[%emt 0:07:32]} 12. Be3 {[%emt 0:01:18]} b6 {[%emt 0:01:03]} 13. Rac1 {[%emt 0:00:11]} Bb7 {[%emt 0:02:07]} 14. b4 {[%emt 0:00:32]} Qc8 {[%emt 0:06:33]} 15. Kg1 {[%emt 0:04:05]} Rb8 {[%emt 0:05:57]} 16. Bd2 {[%emt 0:04:59]} Nh5 {[%emt 0:00:47]} 17. Nd5 {[%emt 0:25:30]} Qd8 {[%emt 0:00:15]} 18. e5 {[%emt 0:00:41]} Nf8 {[%emt 0:31:54]} 19. Nxe7 {[%emt 0:08:33]} Qxe7 {[%emt 0:00:02]} 20. exd6 {[%emt 0:00:07]} Qxd6 {[%emt 0:00:03]} 21. Nf5 {[%emt 0:00:14]} Qc6 {[%emt 0:02:25]} 22. Be4 {[%emt 0:03:08]} Qc7 {[%emt 0:02:09]} 23. Bxb7 {[%emt 0:00:04]} Rxb7 {[%emt 0:00:02]} 24. c5 {[%emt 0:00:06]} Rb8 {[%emt 0:06:12]} 25. Nd6+ {[%emt 0:00:31]} Ke7 {[%emt 0:00:05]} 26. f5 {[%emt 0:03:20]} bxc5 {[%emt 0:05:26]} 27. bxc5 {[%emt 0:00:21]} f6 {[%emt 0:03:23]} 28. Rfe1 {[%emt 0:02:27]} Rb2 {[%emt 0:01:27]} 29. Qc4 {[%emt 0:08:58]} g6 {[%emt 0:05:27]} 30. Rxe6+ {[%emt 0:05:31]} Nxe6 {[%emt 0:00:32]} 31. Qxe6+ {[%emt 0:00:46]} Kf8 {[%emt 0:01:01]} 32. Qe8+ {[%emt 0:00:29]} Kg7 {[%emt 0:05:58]} 33. Qxg6+ {[%emt 0:00:12]} Kf8 {[%emt 0:00:32]} 34. Bh6+ {[%emt 0:00:20]} Ke7 {[%emt 0:00:03]} 35. Qxh5 {[%emt 0:00:09]} 1-0

[Event "WYCC U14 Open 2019"]
[Site "Mumbai"]
[Date "2019.10.12"]
[Round "11.1"]
[White "Amanzhol, Sultan"]
[Black "Suleymanli, Aydin"]
[Result "0-1"]
[WhiteElo "2032"]
[BlackElo "2426"]
[Annotator "ChessBase"]
[PlyCount "112"]
[EventDate "2019.10.02"]
[EventType "swiss"]
[EventCountry "IND"]
[SourceTitle "playchess.com"]
[Source "ChessBase"]
[SourceQuality "1"]
[TimeControl "40/5400+30:1800+30"]

1. d4 {[%emt 0:00:07]} e6 {[%emt 0:00:00]} 2. c4 {[%emt 0:04:20]} d5 {[%emt 0:00:00]} 3. Nc3 {[%emt 0:00:08]} Be7 {[%emt 0:00:00]} 4. Bf4 {[%emt 0:01:39]} Nf6 {[%emt 0:00:06]} 5. e3 {[%emt 0:00:43]} O-O {[%emt 0:00:09]} 6. Nf3 {[%emt 0:00:48]} c5 {[%emt 0:00:06]} 7. dxc5 {[%emt 0:03:21]} Bxc5 {[%emt 0:00:07]} 8. cxd5 {[%emt 0:02:15]} Nxd5 {[%emt 0:01:59]} 9. Nxd5 {[%emt 0:03:27]} exd5 {[%emt 0:00:08]} 10. a3 {[%emt 0:00:44]} Nc6 {[%emt 0:03:27]} 11. Be2 {[%emt 0:02:55]} Be7 {[%emt 0:00:58]} 12. O-O {[%emt 0:05:07]} Bf6 {[%emt 0:00:16]} 13. Qd2 {[%emt 0:03:03]} Qb6 {[%emt 0:09:47]} 14. Rab1 {[%emt 0:06:47]} Rd8 {[%emt 0:09:06]} 15. b4 {[%emt 0:07:00]} Bf5 {[%emt 0:17:30]} 16. Rbc1 {[%emt 0:07:26]} d4 {[%emt 0:03:37]} 17. exd4 {[%emt 0:02:10]} Bxd4 {[%emt 0:07:17]} 18. Bc4 {[%emt 0:12:44]} Bf6 {[%emt 0:10:21]} 19. Qa2 {[%emt 0:00:57]} Bg6 {[%emt 0:01:01]} 20. Rfd1 {[%emt 0:04:06]} Bh5 {[%emt 0:04:59]} 21. Be2 {[%emt 0:08:19]} Rxd1+ {[%emt 0:11:11]} 22. Rxd1 {[%emt 0:00:22]} Rd8 {[%emt 0:00:12]} 23. Rd5 {[%emt 0:01:58]} Bg4 {[%emt 0:06:51]} 24. Rb5 {[%emt 0:04:44]} Rd1+ {[%emt 0:00:22]} 25. Bxd1 {[%emt 0:01:25]} Qxb5 {[%emt 0:00:01]} 26. Qe2 {[%emt 0:01:49]} Qxe2 {[%emt 0:01:34]} 27. Bxe2 {[%emt 0:00:01]} Bb2 {[%emt 0:00:16]} 28. b5 {[%emt 0:01:11]} Bxf3 {[%emt 0:02:00]} 29. Bxf3 {[%emt 0:01:04]} Nd4 {[%emt 0:00:01]} 30. Be3 {[%emt 0:00:17]} Nxf3+ {[%emt 0:00:39]} 31. gxf3 {[%emt 0:00:07]} Bxa3 {[%emt 0:00:08]} 32. Bxa7 {[%emt 0:00:06]} Kf8 {[%emt 0:01:09]} 33. Bd4 {[%emt 0:03:06]} f6 {[%emt 0:00:18]} 34. Kg2 {[%emt 0:00:58]} Ke7 {[%emt 0:00:24]} 35. Kg3 {[%emt 0:00:07]} Bd6+ {[%emt 0:00:40]} 36. f4 {[%emt 0:01:41]} Ke6 {[%emt 0:00:12]} 37. Kf3 {[%emt 0:01:53]} Kd5 {[%emt 0:00:01]} 38. Ba1 {[%emt 0:00:41]} Kc4 {[%emt 0:00:20]} 39. b6 {[%emt 0:00:13]} Bc5 {[%emt 0:00:56]} 40. Ke4 {[%emt 0:01:29]} Bxb6 {[%emt 0:01:57]} 41. h4 {[%emt 0:31:17]} h5 {[%emt 0:30:28]} 42. f3 {[%emt 0:07:28]} Bf2 {[%emt 0:00:07]} 43. Kf5 {[%emt 0:00:06]} Bd4 {[%emt 0:00:08]} 44. Bxd4 {[%emt 0:00:18]} Kxd4 {[%emt 0:00:03]} 45. Kg6 {[%emt 0:00:08]} b5 {[%emt 0:00:04]} 46. Kxh5 {[%emt 0:00:15]} b4 {[%emt 0:00:07]} 47. Kg6 {[%emt 0:00:03]} b3 {[%emt 0:00:03]} 48. h5 {[%emt 0:00:13]} b2 {[%emt 0:00:05]} 49. Kxg7 {[%emt 0:00:08]} b1=Q {[%emt 0:00:05]} 50. h6 {[%emt 0:00:07]} Qg1+ {[%emt 0:00:44]} 51. Kf7 {[%emt 0:00:39]} Qh2 {[%emt 0:00:11]} 52. Kg7 {[%emt 0:00:04]} Qg3+ {[%emt 0:00:07]} 53. Kf7 {[%emt 0:00:04]} Qxf4 {[%emt 0:00:03]} 54. h7 {[%emt 0:00:12]} Qh6 {[%emt 0:00:04]} 55. Kg8 {[%emt 0:00:16]} Qg6+ {[%emt 0:00:03]} 56. Kh8 {[%emt 0:00:13]} Qf7 {[%emt 0:00:03]} 0-1

[Event "WYCC U14 Open 2019"]
[Site "Mumbai"]
[Date "2019.10.12"]
[Round "11.2"]
[White "Vo, Pham Thien Phuc"]
[Black "Srihari L R"]
[Result "1/2-1/2"]
[WhiteElo "1807"]
[BlackElo "2283"]
[Annotator "ChessBase"]
[PlyCount "103"]
[EventDate "2019.10.02"]
[EventType "swiss"]
[EventCountry "IND"]
[SourceTitle "playchess.com"]
[Source "ChessBase"]
[SourceQuality "1"]
[TimeControl "40/5400+30:1800+30"]

1. d4 {[%emt 0:00:00]} f5 {[%emt 0:00:05]} 2. Nf3 {[%emt 0:00:00]} Nf6 {[%emt 0:00:06]} 3. g3 {[%emt 0:00:00]} g6 {[%emt 0:00:05]} 4. Bg2 {[%emt 0:00:00]} Bg7 {[%emt 0:00:05]} 5. O-O {[%emt 0:00:58]} O-O {[%emt 0:00:08]} 6. b3 {[%emt 0:00:31]} c5 {[%emt 0:08:27]} 7. c3 {[%emt 0:10:38]} cxd4 {[%emt 0:06:35]} 8. cxd4 {[%emt 0:00:04]} Nc6 {[%emt 0:00:15]} 9. Bb2 {[%emt 0:00:20]} Ne4 {[%emt 0:03:48]} 10. Nbd2 {[%emt 0:08:28]} d6 {[%emt 0:07:21]} 11. Rc1 {[%emt 0:15:25]} Bd7 {[%emt 0:02:56]} 12. e3 {[%emt 0:06:53]} Rc8 {[%emt 0:09:15]} 13. Qe2 {[%emt 0:02:35]} a6 {[%emt 0:03:52]} 14. Nxe4 {[%emt 0:13:19]} fxe4 {[%emt 0:00:36]} 15. Nd2 {[%emt 0:00:03]} d5 {[%emt 0:00:14]} 16. Ba3 {[%emt 0:03:14]} Na7 {[%emt 0:14:54]} 17. Rxc8 {[%emt 0:00:46]} Nxc8 {[%emt 0:00:04]} 18. Rc1 {[%emt 0:02:30]} Na7 {[%emt 0:02:48]} 19. Nb1 {[%emt 0:07:14]} Nb5 {[%emt 0:05:31]} 20. Bb2 {[%emt 0:01:43]} Nd6 {[%emt 0:04:54]} 21. Nc3 {[%emt 0:03:53]} Bc6 {[%emt 0:00:17]} 22. Qd2 {[%emt 0:03:52]} Nf7 {[%emt 0:01:05]} 23. Ne2 {[%emt 0:00:44]} Ng5 {[%emt 0:00:39]} 24. Nf4 {[%emt 0:00:28]} Qd7 {[%emt 0:00:27]} 25. Qd1 {[%emt 0:07:42]} Nf3+ {[%emt 0:01:02]} 26. Bxf3 {[%emt 0:00:03]} exf3 {[%emt 0:00:07]} 27. a4 {[%emt 0:02:04]} g5 {[%emt 0:02:10]} 28. Nd3 {[%emt 0:00:04]} Qh3 {[%emt 0:01:46]} 29. Qf1 {[%emt 0:00:07]} Qh5 {[%emt 0:00:05]} 30. h3 {[%emt 0:07:41]} Bd7 {[%emt 0:00:59]} 31. Kh2 {[%emt 0:00:01]} Be6 {[%emt 0:02:35]} 32. Ne5 {[%emt 0:01:51]} Bxe5 {[%emt 0:01:55]} 33. dxe5 {[%emt 0:00:00]} Rc8 {[%emt 0:00:00]} 34. Rxc8+ {[%emt 0:01:19]} Bxc8 {[%emt 0:00:01]} 35. e4 {[%emt 0:00:19]} Be6 {[%emt 0:00:50]} 36. exd5 {[%emt 0:00:12]} Bxd5 {[%emt 0:00:01]} 37. g4 {[%emt 0:01:14]} Qh4 {[%emt 0:01:34]} 38. Bd4 {[%emt 0:00:47]} h5 {[%emt 0:00:22]} 39. Qd3 {[%emt 0:01:44]} hxg4 {[%emt 0:02:46]} 40. Qg6+ {[%emt 0:00:01]} Kf8 {[%emt 0:00:24]} 41. Qf5+ {[%emt 0:30:02]} Bf7 {[%emt 0:32:22]} 42. Qxg4 {[%emt 0:01:03]} Qxg4 {[%emt 0:01:29]} 43. hxg4 {[%emt 0:00:01]} Bxb3 {[%emt 0:00:30]} 44. a5 {[%emt 0:00:04]} Kf7 {[%emt 0:00:05]} 45. Be3 {[%emt 0:00:04]} Kg6 {[%emt 0:00:19]} 46. Bc5 {[%emt 0:00:09]} Kf7 {[%emt 0:00:30]} 47. Be3 {[%emt 0:00:06]} Kg6 {[%emt 0:00:44]} 48. Bc5 {[%emt 0:00:01]} e6 {[%emt 0:00:07]} 49. Bb6 {[%emt 0:00:08]} Bd5 {[%emt 0:00:23]} 50. Kg3 {[%emt 0:00:12]} Kf7 {[%emt 0:00:06]} 51. Kh3 {[%emt 0:00:11]} Be4 {[%emt 0:00:08]} 52. Kg3 {[%emt 0:00:08]} 1/2-1/2

[Event "WYCC U14 Open 2019"]
[Site "Mumbai"]
[Date "2019.10.12"]
[Round "11.3"]
[White "Morgunov, Marc"]
[Black "Kolay, Alex"]
[Result "1/2-1/2"]
[WhiteElo "2280"]
[BlackElo "2164"]
[Annotator "ChessBase"]
[PlyCount "74"]
[EventDate "2019.10.02"]
[EventType "swiss"]
[EventCountry "IND"]
[SourceTitle "playchess.com"]
[Source "ChessBase"]
[SourceQuality "1"]
[TimeControl "40/5400+30:1800+30"]

1. e4 {[%emt 0:00:00]} e6 {[%emt 0:00:00]} 2. d4 {[%emt 0:00:00]} d5 {[%emt 0:00:00]} 3. Nd2 {[%emt 0:00:00]} c5 {[%emt 0:00:00]} 4. Ngf3 {[%emt 0:00:38]} cxd4 {[%emt 0:00:18]} 5. Nxd4 {[%emt 0:01:08]} Nc6 {[%emt 0:00:28]} 6. Bb5 {[%emt 0:00:11]} Bd7 {[%emt 0:00:11]} 7. Nxc6 {[%emt 0:00:26]} bxc6 {[%emt 0:01:44]} 8. Bd3 {[%emt 0:00:15]} Bd6 {[%emt 0:00:52]} 9. Qe2 {[%emt 0:01:08]} Ne7 {[%emt 0:00:34]} 10. e5 {[%emt 0:03:31]} Bc7 {[%emt 0:09:03]} 11. Nf3 {[%emt 0:06:18]} Ng6 {[%emt 0:00:55]} 12. O-O {[%emt 0:03:36]} f6 {[%emt 0:07:40]} 13. exf6 {[%emt 0:19:49]} Qxf6 {[%emt 0:00:09]} 14. Bg5 {[%emt 0:01:48]} Qf7 {[%emt 0:03:52]} 15. Bxg6 {[%emt 0:05:12]} Qxg6 {[%emt 0:02:33]} 16. Bh4 {[%emt 0:00:52]} O-O {[%emt 0:08:14]} 17. Bg3 {[%emt 0:03:01]} Bxg3 {[%emt 0:04:39]} 18. hxg3 {[%emt 0:00:39]} Rab8 {[%emt 0:01:20]} 19. Ne5 {[%emt 0:05:39]} Qe8 {[%emt 0:00:06]} 20. b3 {[%emt 0:02:10]} Qe7 {[%emt 0:06:43]} 21. Rfe1 {[%emt 0:07:36]} Be8 {[%emt 0:02:00]} 22. Qd2 {[%emt 0:05:28]} Rf6 {[%emt 0:22:01]} 23. Re2 {[%emt 0:05:57]} c5 {[%emt 0:03:31]} 24. c4 {[%emt 0:01:37]} dxc4 {[%emt 0:03:23]} 25. Nxc4 {[%emt 0:00:11]} Bb5 {[%emt 0:00:44]} 26. Re4 {[%emt 0:01:47]} Bxc4 {[%emt 0:08:57]} 27. Rxc4 {[%emt 0:00:20]} Rd8 {[%emt 0:03:02]} 28. Qe3 {[%emt 0:03:03]} Rd5 {[%emt 0:00:26]} 29. Rac1 {[%emt 0:02:38]} Qd6 {[%emt 0:01:44]} 30. f3 {[%emt 0:07:47]} Rff5 {[%emt 0:03:50]} 31. Re4 {[%emt 0:01:06]} Rd1+ {[%emt 0:01:19]} 32. Rxd1 {[%emt 0:00:13]} Qxd1+ {[%emt 0:00:04]} 33. Kf2 {[%emt 0:00:33]} Rd5 {[%emt 0:00:24]} 34. Qe1 {[%emt 0:03:21]} Rd2+ {[%emt 0:00:46]} 35. Re2 {[%emt 0:00:05]} Rxe2+ {[%emt 0:00:32]} 36. Qxe2 {[%emt 0:00:05]} Qd4+ {[%emt 0:00:03]} 37. Kf1 {[%emt 0:01:27]} Kf7 {[%emt 0:00:38]} 1/2-1/2

[Event "WYCC U14 Open 2019"]
[Site "Mumbai"]
[Date "2019.10.12"]
[Round "11.4"]
[White "Abinandhan R"]
[Black "Sreeshwan Maralakshikari"]
[Result "0-1"]
[WhiteElo "1830"]
[BlackElo "2449"]
[Annotator "ChessBase"]
[PlyCount "102"]
[EventDate "2019.10.02"]
[EventType "swiss"]
[EventCountry "IND"]
[SourceTitle "playchess.com"]
[Source "ChessBase"]
[SourceQuality "1"]
[TimeControl "40/5400+30:1800+30"]

1. e4 {[%emt 0:00:00]} c6 {[%emt 0:00:00]} 2. d4 {[%emt 0:00:00]} d5 {[%emt 0:00:00]} 3. e5 {[%emt 0:00:00]} Bf5 {[%emt 0:00:00]} 4. h4 {[%emt 0:00:00]} h6 {[%emt 0:00:12]} 5. g4 {[%emt 0:03:04]} Be4 {[%emt 0:00:05]} 6. f3 {[%emt 0:00:05]} Bh7 {[%emt 0:00:03]} 7. e6 {[%emt 0:00:40]} Qd6 {[%emt 0:00:05]} 8. exf7+ {[%emt 0:00:09]} Kxf7 {[%emt 0:00:02]} 9. Bd3 {[%emt 0:00:21]} e5 {[%emt 0:12:28]} 10. dxe5 {[%emt 0:14:12]} Qxe5+ {[%emt 0:02:04]} 11. Ne2 {[%emt 0:00:11]} Bxd3 {[%emt 0:09:29]} 12. Qxd3 {[%emt 0:01:52]} Nd7 {[%emt 0:00:14]} 13. f4 {[%emt 0:10:31]} Qe6 {[%emt 0:07:39]} 14. f5 {[%emt 0:02:58]} Qe5 {[%emt 0:06:02]} 15. Nbc3 {[%emt 0:06:36]} Re8 {[%emt 0:00:25]} 16. Qf3 {[%emt 0:06:00]} Bb4 {[%emt 0:03:04]} 17. Bd2 {[%emt 0:27:59]} Bxc3 {[%emt 0:00:08]} 18. Bxc3 {[%emt 0:00:18]} Qe4 {[%emt 0:00:03]} 19. Kf2 {[%emt 0:05:40]} Ngf6 {[%emt 0:00:07]} 20. Qxe4 {[%emt 0:01:47]} Rxe4 {[%emt 0:00:09]} 21. g5 {[%emt 0:00:22]} Ng4+ {[%emt 0:12:36]} 22. Kf3 {[%emt 0:00:49]} Nde5+ {[%emt 0:08:27]} 23. Bxe5 {[%emt 0:00:10]} Nxe5+ {[%emt 0:00:01]} 24. Kf2 {[%emt 0:00:17]} Ng4+ {[%emt 0:02:01]} 25. Kf3 {[%emt 0:00:44]} hxg5 {[%emt 0:01:33]} 26. hxg5 {[%emt 0:00:18]} Rh2 {[%emt 0:01:37]} 27. Rxh2 {[%emt 0:00:30]} Nxh2+ {[%emt 0:00:03]} 28. Kf2 {[%emt 0:00:03]} Ng4+ {[%emt 0:00:05]} 29. Kf3 {[%emt 0:00:03]} Ne3 {[%emt 0:02:39]} 30. Ng3 {[%emt 0:01:54]} Nxc2 {[%emt 0:01:33]} 31. g6+ {[%emt 0:00:59]} Kf6 {[%emt 0:01:19]} 32. Rg1 {[%emt 0:00:34]} Nd4+ {[%emt 0:00:03]} 33. Kf2 {[%emt 0:00:04]} Rh4 {[%emt 0:00:04]} 34. Kg2 {[%emt 0:00:25]} Rg4 {[%emt 0:01:00]} 35. Kh3 {[%emt 0:00:09]} Rg5 {[%emt 0:00:04]} 36. Re1 {[%emt 0:01:01]} Nxf5 {[%emt 0:00:17]} 37. Nxf5 {[%emt 0:00:05]} Rxf5 {[%emt 0:00:04]} 38. Re8 {[%emt 0:00:32]} Kxg6 {[%emt 0:00:06]} 39. Ra8 {[%emt 0:00:07]} a6 {[%emt 0:00:06]} 40. Rb8 {[%emt 0:00:03]} Rf7 {[%emt 0:00:04]} 41. Kg4 {[%emt 0:30:04]} Rd7 {[%emt 0:30:38]} 42. Kf4 {[%emt 0:00:12]} d4 {[%emt 0:00:04]} 43. Re8 {[%emt 0:00:04]} d3 {[%emt 0:00:04]} 44. Re1 {[%emt 0:00:04]} d2 {[%emt 0:00:07]} 45. Rd1 {[%emt 0:00:04]} Kf6 {[%emt 0:00:03]} 46. Ke3 {[%emt 0:00:03]} g5 {[%emt 0:00:03]} 47. Rf1+ {[%emt 0:00:06]} Kg6 {[%emt 0:00:03]} 48. Rd1 {[%emt 0:00:02]} c5 {[%emt 0:00:07]} 49. b3 {[%emt 0:00:03]} b5 {[%emt 0:00:03]} 50. Ke2 {[%emt 0:00:04]} c4 {[%emt 0:00:37]} 51. bxc4 {[%emt 0:00:10]} bxc4 {[%emt 0:00:04]} 0-1

[Event "WYCC U14 Open 2019"]
[Site "Mumbai"]
[Date "2019.10.12"]
[Round "11.5"]
[White "Shah Jeet"]
[Black "Tsvetkov, Andrey"]
[Result "0-1"]
[WhiteElo "1844"]
[BlackElo "2382"]
[Annotator "ChessBase"]
[PlyCount "98"]
[EventDate "2019.10.02"]
[EventType "swiss"]
[EventCountry "IND"]
[SourceTitle "playchess.com"]
[Source "ChessBase"]
[SourceQuality "1"]
[TimeControl "40/5400+30:1800+30"]

1. e4 {[%emt 0:00:00]} c5 {[%emt 0:00:00]} 2. Nf3 {[%emt 0:00:00]} d6 {[%emt 0:00:00]} 3. d4 {[%emt 0:00:00]} cxd4 {[%emt 0:00:00]} 4. Nxd4 {[%emt 0:00:00]} Nf6 {[%emt 0:00:00]} 5. Nc3 {[%emt 0:00:13]} a6 {[%emt 0:00:00]} 6. Bc4 {[%emt 0:00:20]} e6 {[%emt 0:00:00]} 7. Bb3 {[%emt 0:00:07]} b5 {[%emt 0:00:00]} 8. Bg5 {[%emt 0:02:18]} Be7 {[%emt 0:00:14]} 9. Qf3 {[%emt 0:02:02]} Qc7 {[%emt 0:00:06]} 10. e5 {[%emt 0:01:37]} Bb7 {[%emt 0:00:05]} 11. exd6 {[%emt 0:00:05]} Bxd6 {[%emt 0:00:03]} 12. Qe3 {[%emt 0:00:08]} Bc5 {[%emt 0:00:02]} 13. O-O-O {[%emt 0:03:47]} Nc6 {[%emt 0:00:17]} 14. Qxe6+ {[%emt 0:07:50]} fxe6 {[%emt 0:00:04]} 15. Nxe6 {[%emt 0:00:06]} Qe7 {[%emt 0:00:01]} 16. Rhe1 {[%emt 0:00:18]} Qxe6 {[%emt 0:00:03]} 17. Rxe6+ {[%emt 0:00:37]} Ne7 {[%emt 0:00:03]} 18. Rde1 {[%emt 0:03:27]} O-O-O {[%emt 0:01:54]} 19. Bxf6 {[%emt 0:11:20]} gxf6 {[%emt 0:00:20]} 20. Ne4 {[%emt 0:00:12]} Bxe4 {[%emt 0:02:22]} 21. R1xe4 {[%emt 0:00:04]} f5 {[%emt 0:00:23]} 22. R4e5 {[%emt 0:17:49]} Bd6 {[%emt 0:00:11]} 23. Rxe7 {[%emt 0:04:03]} Bxe5 {[%emt 0:01:00]} 24. Rxe5 {[%emt 0:00:04]} Rhe8 {[%emt 0:00:03]} 25. Rxe8 {[%emt 0:10:45]} Rxe8 {[%emt 0:00:01]} 26. Kd2 {[%emt 0:00:18]} f4 {[%emt 0:00:29]} 27. c4 {[%emt 0:12:42]} b4 {[%emt 0:02:46]} 28. g3 {[%emt 0:03:03]} fxg3 {[%emt 0:01:17]} 29. hxg3 {[%emt 0:02:25]} Kc7 {[%emt 0:02:42]} 30. g4 {[%emt 0:04:46]} h6 {[%emt 0:02:10]} 31. Bc2 {[%emt 0:04:44]} Kd6 {[%emt 0:03:08]} 32. f4 {[%emt 0:04:45]} Kc5 {[%emt 0:26:11]} 33. f5 {[%emt 0:01:04]} Kd4 {[%emt 0:13:11]} 34. Bd3 {[%emt 0:01:29]} a5 {[%emt 0:00:25]} 35. b3 {[%emt 0:01:11]} Rd8 {[%emt 0:05:11]} 36. Ke2 {[%emt 0:00:34]} Ra8 37. Bb1 {[%emt 0:01:01]} Ra7 {[%emt 0:14:58]} 38. Kf3 {[%emt 0:00:46]} a4 {[%emt 0:11:48]} 39. Kf4 {[%emt 0:00:56]} a3 {[%emt 0:10:18]} 40. f6 {[%emt 0:01:28]} Kc3 {[%emt 0:01:16]} 41. Bf5 {[%emt 0:31:31]} Kb2 {[%emt 0:30:28]} 42. Ke5 {[%emt 0:00:00]} Kxa2 {[%emt 0:00:00]} 43. Kd6 {[%emt 0:00:00]} Kb2 {[%emt 0:00:00]} 44. Bd7 {[%emt 0:00:00]} Ra8 {[%emt 0:00:00]} 45. f7 {[%emt 0:00:00]} Rh8 {[%emt 0:00:00]} 46. Ke7 {[%emt 0:00:00]} a2 {[%emt 0:00:00]} 47. f8=Q {[%emt 0:00:00]} Rxf8 {[%emt 0:00:00]} 48. Kxf8 {[%emt 0:00:00]} a1=Q {[%emt 0:00:00]} 49. c5 {[%emt 0:00:00]} Kxb3 {[%emt 0:00:00]} 0-1